| 000 | 00935nam a2200277 4500 | ||
|---|---|---|---|
| 003 | OSt | ||
| 005 | 20260530113902.0 | ||
| 008 | 260422b2013 mx a|||| |||| 00| 0 spa d | ||
| 020 | _a9786075131030 | ||
| 040 |
_aICI _bspa _cICI |
||
| 050 |
_aTR647 _b.H34 2013 |
||
| 100 | 1 |
_aDe Haene Rosique, Márgara, _932390 |
|
| 245 | 1 | 0 |
_aEnigmas de la luz en superficie / _cMárgara De Haene Rosique. |
| 264 | 1 |
_bUniversidad Autónoma Metropolitana, _c2013 _aMéxico : |
|
| 300 |
_a94 páginas _c24cm. |
||
| 336 |
_atexto _2rdacontent |
||
| 337 |
_asin medio _2rdamedia |
||
| 338 |
_avolumen _2rdacarrier |
||
| 500 | _aLibro de artista basado en fotografía experimental y procesos de emulsiones. | ||
| 650 |
_aFotografía artística. _92547 |
||
| 650 |
_aLuz en el arte. _932391 |
||
| 650 |
_aTécnicas fotográficas. _932392 |
||
| 650 |
_aEmulsiones fotográficas. _932393 |
||
| 650 |
_aPaisaje en la fotografía _932394 |
||
| 942 |
_2lcc _cBK |
||
| 999 |
_c11813 _d11813 |
||